00920nam a2200217Ia 450000500170000000800410001702000180005804000530007604100130012906000130014211000490015524502700020426000930047430000370056765000150060465000160061965000280063565000100066365000130067365000160068620211112074840.0130821s2007 xxua gr mul  a9781580410748 aCo-BoUCMbspacLuz Cupitra (modificó)d[Nuevo] aengaspa aWS 105.52 aAmerican Speech-Languaje-Hearing Association10aPartners in speech, language, and hearingba guide for parents and caregivers of babies,and young children=compañeros en el habla, el lenguaje, y la audición guía para los padres y encargados de niños y de bebescAmerican Speech-Languaje-Hearing Association aRockville (Maryland, Estados Unidos)bAmerican Speech-Languaje-Hearing Associationc2007 avii, 54 páginasbilustraciones04aAudición04aCognición04aDesarrollo del lenguaje04aHabla04aLenguaje04aPediatría